000
00318pab a2200145 454500
008
180718b1989 xxu||||| |||| 00| 0 eng d
100
_a
Datta - Chaudhuri, Mrinal
245
_a
Social democracy
260
_c
1989
300
_a
26-30
362
_a
Nov.
650
_a
Socialism
773
_a
Seminar
909
_a
18828
999
_c
18828
_d
18828